000 00330nam a2200121Ia 4500
005 20251222143259.0
008 251222s9999||||xx |||||||||||||| ||spa||
082 _a384.698.5/P27
100 _aPascó-Font, Alberto
245 0 _aLa Demanda Residencial de Telefonía Básica en el Perú
264 _bOSIPTEL - GRADE
942 _cLIB
999 _c15257
_d15257